Pokémon 151 Originais - Statistics

Estatísticas Gerais
  • Esse quiz foi jogado 2 392 vezes
  • A pontuação média é 101 de 151
Estatísticas das Respostas
Imagem Resposta % Correto
Charmander
95%
Bulbasaur
93%
Charizard
93%
Pikachu
90%
Squirtle
90%
Rattata
89%
Blastoise
88%
Raichu
88%
Charmeleon
86%
Ivysaur
85%
Caterpie
83%
Metapod
83%
Abra
82%
Ekans
82%
Pidgey
82%
Zubat
82%
Kadabra
81%
Nidoran
81%
Nidoran
81%
Psyduck
81%
Raticate
81%
Butterfree
80%
Nidoking
80%
Nidoqueen
80%
Nidorina
80%
Pidgeot
80%
Kakuna
79%
Nidorino
79%
Vulpix
79%
Arbok
78%
Onix
78%
Alakazam
77%
Gengar
77%
Paras
77%
Beedrill
75%
Geodude
75%
Machamp
74%
Machop
74%
Oddish
74%
Pidgeotto
74%
Ponyta
74%
Venusaur
74%
Weedle
74%
Arcanine
73%
Meowth
73%
Mew
73%
Spearow
73%
Golbat
72%
Golduck
72%
Mankey
72%
Ninetales
72%
Persian
72%
Rapidash
72%
Dugtrio
71%
Golem
71%
Parasect
71%
Sandslash
71%
Slowpoke
71%
Tentacruel
71%
Wartortle
71%
Fearow
70%
Machoke
70%
Muk
70%
Eevee
69%
Gastly
69%
Jigglypuff
69%
Mewtwo
69%
Voltorb
69%
Cubone
68%
Diglett
68%
Ditto
68%
Gloom
68%
Haunter
68%
Lapras
68%
Magikarp
68%
Tentacool
68%
Clefable
67%
Clefairy
67%
Hypno
67%
Snorlax
67%
Venonat
67%
Dragonite
66%
Hitmonlee
66%
Slowbro
66%
Seel
65%
Articuno
64%
Magnemite
64%
Vaporeon
64%
Zapdos
64%
Doduo
63%
Hitmonchan
63%
Mr Mime
63%
Sandshrew
63%
Flareon
62%
Graveler
62%
Gyarados
62%
Poliwag
62%
Primeape
62%
Tauros
62%
Venomoth
62%
Dratini
61%
Jolteon
61%
Kabuto
61%
Moltres
61%
Tangela
61%
Grimer
60%
Magneton
60%
Growlithe
59%
Krabby
59%
Porygon
59%
Staryu
59%
Vileplume
59%
Bellsprout
58%
Cloyster
58%
Koffing
58%
Magmar
58%
Dodrio
57%
Dragonair
57%
Pinsir
57%
Starmie
57%
Chansey
56%
Electrode
56%
Electabuzz
55%
Kabutops
55%
Wigglytuff
55%
Drowzee
54%
Goldeen
54%
Marowak
54%
Poliwhirl
54%
Poliwrath
54%
Weezing
54%
Horsea
53%
Jynx
53%
Shellder
53%
Farfetch d
52%
Kingler
52%
Rhydon
52%
Rhyhorn
52%
Scyther
52%
Seaking
50%
Seadra
49%
Aerodactyl
47%
Dewgong
46%
Kangaskhan
46%
Licktung
46%
Omastar
46%
Weepinbell
46%
Omanyte
45%
Victreebel
45%
Exeggcute
43%
Exeggutor
43%
Nenhum quiz correspondente encontrado
Distribuição das Pontuações
Porcentagem de Pessoas com Cada Pontuação
Percentil de Números Respondidos
Sua Pontuação Histórica
Você não jogou esse quiz